INDIAN POLITICS AND THE ROLE OF THE PRESS (Record no. 28587)

MARC details
000 -LEADER
fixed length control field 00342nam a22001457a 4500
003 - CONTROL NUMBER IDENTIFIER
control field SGT
020 ## - INTERNATIONAL STANDARD BOOK NUMBER
International Standard Book Number 0706912780
082 ## - DEWEY DECIMAL CLASSIFICATION NUMBER
Classification number 070
Item number I81K
100 ## - MAIN ENTRY--PERSONAL NAME
Personal name KARKHANIS, SHARAD
245 ## - TITLE STATEMENT
Title INDIAN POLITICS AND THE ROLE OF THE PRESS
260 ## - PUBLICATION, DISTRIBUTION, ETC. (IMPRINT)
Name of publisher, distributor, etc VIKAS PUBLISHING HOUSE PVT. LTD.
Year of Publication 1981
300 ## - PAGE DESCRIPTION
No. of Pages 216
650 ## - SUBJECT ADDED ENTRY--TOPICAL TERM
Topical term or geographic name as entry element JOURNALISM
942 ## - ADDED ENTRY ELEMENTS (KOHA)
Source of classification or shelving scheme Dewey Decimal Classification
Koha item type Books
Holdings
Withdrawn status Lost status Source of classification or shelving scheme Damaged status Not for loan Home library Current library Date acquired Cost, normal purchase price SGTU Total Checkouts Full call number Accession No. (Barcode) Date last seen Bill Date Koha item type
    Dewey Decimal Classification   Not For Loan SGT Chancellor's Library SGT Chancellor's Library 31/12/2024 75.00 SGTU   070 I81K CH1445 31/12/2024 31/12/2024 Books